Комплексы оборудования для проходки и бурения вертикальных стволов: учебное пособие

מידע ביבליוגרפי
מחבר ראשי: Малевич Н. А. Николай Александрович
שפה:רוסית
יצא לאור: Москва, Недра, 1965
נושאים:
פורמט: ספר
KOHA link:https://koha.lib.tpu.ru/cgi-bin/koha/opac-detail.pl?biblionumber=328360

MARC

LEADER 00000nam0a2200000 4500
001 328360
005 20231102004043.0
035 |a (RuTPU)RU\TPU\book\354060 
090 |a 328360 
100 |a 20170215d1965 m y0rusy50 ca 
101 0 |a rus 
102 |a RU 
105 |a a j 001zy 
200 1 |a Комплексы оборудования для проходки и бурения вертикальных стволов  |e учебное пособие  |f Н. А. Малевич 
210 |a Москва  |c Недра  |d 1965 
215 |a 287 с.  |c ил. 
320 |a Библиогр.: с. 285-286 
606 1 |a Проходка шахтных стволов  |x Оборудование  |2 stltpush  |3 (RuTPU)RU\TPU\subj\53025  |9 71377 
610 1 |a вертикальные стволы 
610 1 |a бурение 
610 1 |a погрузочные машины 
610 1 |a бурение 
610 1 |a шпуры 
610 1 |a крепь 
610 1 |a проходка 
610 1 |a установки 
610 1 |a шахты 
610 1 |a учебные пособия 
675 |a 622.251(075.8)  |v 4 
700 1 |a Малевич  |b Н. А.  |g Николай Александрович 
801 1 |a RU  |b 63413507  |c 20170215 
801 2 |a RU  |b 63413507  |c 20170216  |g RCR 
942 |c BK